<?xml version="1.0" encoding="UTF-8"?>
<collection xmlns="http://www.loc.gov/MARC21/slim">
 <record>
  <leader>00502pamaa2200157   4500</leader>
  <controlfield tag="001">0000019250</controlfield>
  <controlfield tag="005">20070402090000.0</controlfield>
  <datafield tag="020" ind1="0" ind2="0">
   <subfield code="a">13944541 </subfield>
  </datafield>
  <datafield tag="090" ind1="0" ind2="0">
   <subfield code="a">G2384.K8 </subfield>
   <subfield code="b">ROA 1996</subfield>
  </datafield>
  <datafield tag="245" ind1="0" ind2="0">
   <subfield code="a">ROAD maps of Kuala Lumpur and its surroundings.</subfield>
  </datafield>
  <datafield tag="250" ind1="0" ind2="0">
   <subfield code="a">7th ed.</subfield>
  </datafield>
  <datafield tag="260" ind1="0" ind2="0">
   <subfield code="a">Kuala Lumpur: </subfield>
   <subfield code="b">Citymap Pub., </subfield>
   <subfield code="c">1996.</subfield>
  </datafield>
  <datafield tag="300" ind1=" " ind2=" ">
   <subfield code="a">69p.: </subfield>
   <subfield code="b">72 maps; </subfield>
   <subfield code="c">26cm.</subfield>
  </datafield>
  <datafield tag="651" ind1="0" ind2="0">
   <subfield code="a">Metropolitan Area (Malaysia) -- </subfield>
   <subfield code="x">Road maps </subfield>
  </datafield>
  <datafield tag="651" ind1="0" ind2="0">
   <subfield code="a">Kuala Lumpur (Malaysia) -- </subfield>
   <subfield code="x">Maps, Tourist </subfield>
  </datafield>
  <datafield tag="651" ind1="0" ind2="0">
   <subfield code="a">Kuala Lumpur (Malaysia) -- </subfield>
   <subfield code="x">Directories </subfield>
  </datafield>
 </record>
</collection>
